000 00444nam a22001457a 4500
999 _c525229
_d525229
020 _a9789355820143
082 _aB253x54 P953
100 _aPruseth, Sujit Kumar
_943371
245 _aDemocratic governance or member control in cooperatives
_cby Sujit Kumar Pruseth
260 _aOdisha
_bUrania
_c2022
300 _a187p.
650 _aIndia - Politics and government
_943372
650 _aDemocracy - India
_943373
650 _aDemocracy
_943374